[Event "CAMPEONATO PANAMERICANO DE AJEDREZ"]
[Site "Hotel oro Verde, Guayaquil - Ecuador"]
[Date "2018.06.19"]
[Round "1"]
[Board "1"]
[White "Jaramillo, Samantha"]
[Black "Gomez Barrera, Javiera Belen"]
[Result "1/2-1/2"]
[WhiteElo "1699"]
[BlackElo "2129"]
[PlyCount "81"]
[EventDate "2018.06.19"]
[EventRounds "9"]
[EventCountry "ECU"]

1. d4 Nf6 2. Nf3 g6 3. g3 Bg7 4. Bg2 d6 5. O-O O-O 6. b3 c5 7. Bb2 cxd4 8. Nxd4
e5 9. Nb5 Qd7 10. c4 Rd8 11. Qd2 a6 12. N5c3 Nc6 13. Rd1 Rb8 14. Nd5 Nxd5 15.
Qxd5 Ne7 16. Qd2 b5 17. cxb5 axb5 18. Nc3 Bb7 19. Nd5 Bxd5 20. Bxd5 b4 21. Rac1
Nxd5 22. Qxd5 Rb5 23. Qd2 d5 24. Rc2 Rb7 25. Rc5 d4 26. Rc4 Qd6 27. e3 d3 28.
e4 f5 29. exf5 gxf5 30. Qg5 Rf8 31. Qd2 Rd8 32. Qg5 Rf8 33. Qd2 e4 34. Bxg7
Kxg7 35. Rdc1 Qh6 36. Qb2+ Qf6 37. Qd2 Qh6 38. Qb2+ Qf6 39. Qd2 Qh6 40. Qb2+
Qf6 41. Qd2  1/2-1/2

[Event "CAMPEONATO PANAMERICANO DE AJEDREZ"]
[Site "Hotel oro Verde, Guayaquil - Ecuador"]
[Date "2018.06.19"]
[Round "1"]
[Board "2"]
[White "Cervantes Landeiro, Thalia"]
[Black "Gil Bohorquez, Ariana"]
[Result "1-0"]
[WhiteElo "2087"]
[BlackElo "1694"]
[PlyCount "53"]
[EventDate "2018.06.19"]
[EventRounds "9"]
[EventCountry "ECU"]

1. d4 Nf6 2. c4 e6 3. Nc3 Bb4 4. e3 b6 5. Nf3 Bb7 6. Bd3 O-O 7. O-O Bxc3 8.
bxc3 d5 9. cxd5 exd5 10. a4 Nbd7 11. Nd2 Ne4 12. Qc2 Ndf6 13. Rb1 Re8 14. Nxe4
dxe4 15. Be2 Qd6 16. c4 c5 17. Ba3 Rab8 18. Rfd1 Qc7 19. dxc5 bxc5 20. Rb5 Rec8
21. Rxc5 Qb6 22. Rb5 Qe6 23. Bd6 Nd7 24. Bxb8 Rxb8 25. Qd2 Nf8 26. Rdb1 Qc8 27.
Qb2  1-0

[Event "CAMPEONATO PANAMERICANO DE AJEDREZ"]
[Site "Hotel oro Verde, Guayaquil - Ecuador"]
[Date "2018.06.19"]
[Round "1"]
[Board "4"]
[White "Caballero Quijano, Mitzy Mishell"]
[Black "Ayala Rosero, Ariana Marcela"]
[Result "1-0"]
[WhiteElo "2069"]
[BlackElo "1584"]
[PlyCount "99"]
[EventDate "2018.06.19"]
[EventRounds "9"]
[EventCountry "ECU"]

1. Nf3 Nf6 2. d4 g6 3. c4 d6 4. g3 Bg7 5. Bg2 O-O 6. O-O Nbd7 7. Nc3 c5 8. d5
Ng4 9. h3 Nge5 10. Nd2 Nb6 11. Qb3 e6 12. f4 Ned7 13. dxe6 fxe6 14. Nde4 Nf6
15. Rd1 Nxe4 16. Bxe4 a6 17. Be3 Qc7 18. Bg2 Rd8 19. a4 Nd7 20. Rd2 Nb8 21. Bf2
Nc6 22. Rad1 Nd4 23. Qa2 Rb8 24. e3 Nc6 25. g4 Nb4 26. Qb3 Qe7 27. Ne4 d5 28.
Nc3 d4 29. Ne2 d3 30. Nc1 e5 31. Nxd3 Nxd3 32. Rxd3 Rxd3 33. Qxd3 Be6 34. b3
Qf7 35. Qd6 Rc8 36. Bxb7 Qxb7 37. Qxe6+ Kh8 38. Rd7 Qa8 39. Qf7 Rg8 40. fxe5
Qe4 41. Re7 Qb1+ 42. Kg2 Qe4+ 43. Qf3 Qc2 44. e6 Rf8 45. Rf7 Re8 46. Rxg7 Kxg7
47. Qf7+ Kh6 48. g5+ Kxg5 49. Qf4+ Kh5 50. Qh4#  1-0

[Event "CAMPEONATO PANAMERICANO DE AJEDREZ"]
[Site "Hotel oro Verde, Guayaquil - Ecuador"]
[Date "2018.06.19"]
[Round "1"]
[Board "5"]
[White "Nunez Giler, Fanny"]
[Black "Cosme Contreras, Trilce"]
[Result "1-0"]
[WhiteElo "1578"]
[BlackElo "2007"]
[PlyCount "99"]
[EventDate "2018.06.19"]
[EventRounds "9"]
[EventCountry "ECU"]

1. e4 c5 2. Nf3 d6 3. Nc3 e5 4. g3 g6 5. Bg2 Bg7 6. d3 Ne7 7. Nh4 Nbc6 8. f4
exf4 9. Bxf4 Rb8 10. a4 a6 11. Qd2 O-O 12. O-O b5 13. axb5 axb5 14. Bg5 Qb6 15.
Bf6 b4 16. Nd5 Nxd5 17. exd5 Nd4 18. Be4 c4 19. Kh1 c3 20. Qf4 Ne2 21. Qf3 Bxf6
22. Qxf6 Qd8 23. Qf2 Bg4 24. Bf3 Bxf3+ 25. Nxf3 cxb2 26. Rab1 Nc3 27. Rxb2 Nxd5
28. Qd4 Qf6 29. Qxf6 Nxf6 30. Nd4 Nd5 31. Kg2 Ne3+ 32. Kf2 Nxf1 33. Kxf1 Rfc8
34. Ke2 f5 35. Kf3 Kf7 36. Ne2 Kf6 37. Nf4 Ke5 38. Ke3 d5 39. Ne2 Re8 40. Nd4
Kd6+ 41. Kf4 h6 42. h4 Rf8 43. Rb1 Rfe8 44. h5 g5+ 45. Kxf5 Rb6 46. Kg4 Kc7 47.
Rf1 Re7 48. Rf8 Kb7 49. Kf5 Kc7 50. Kg4  1-0

[Event "CAMPEONATO PANAMERICANO DE AJEDREZ"]
[Site "Hotel oro Verde, Guayaquil - Ecuador"]
[Date "2018.06.19"]
[Round "1"]
[Board "6"]
[White "Ortiz Verdesoto, Anahi"]
[Black "Pacheco Jimenez, Yesenia"]
[Result "1-0"]
[WhiteElo "1974"]
[BlackElo "1576"]
[PlyCount "102"]
[EventDate "2018.06.19"]
[EventRounds "9"]
[EventCountry "ECU"]

1. d4 Nf6 2. c4 g6 3. Nc3 Bg7 4. e4 d6 5. f3 O-O 6. Bg5 Nbd7 7. Qd2 c5 8. d5
Re8 9. Nh3 Ne5 10. Nf2 Qb6 11. Be2 Qb4 12. b3 Nfd7 13. Rc1 Nf6 14. O-O Qb6 15.
Rb1 a6 16. a3 Qc7 17. Rfc1 Rb8 18. Qd1 h6 19. Be3 Kh7 20. f4 Ned7 21. b4 e6 22.
bxc5 Nxc5 23. Bf3 exd5 24. cxd5 Nfd7 25. Bd4 Bf8 26. Ng4 Qd8 27. Ne3 Qh4 28. g3
Qe7 29. Ng4 h5 30. Nf2 b6 31. Qd2 Rb7 32. Re1 Bh6 33. Qc2 Nf6 34. Qd1 Nfd7 35.
Re2 Bg7 36. Bxg7 Kxg7 37. e5 Qf8 38. Qd4 Kh7 39. Rbe1 Qg7 40. Kg2 Rb8 41. Nh3
Kg8 42. Ng5 Nb3 43. Qd1 Ndc5 44. Nge4 dxe5 45. fxe5 Rd8 46. Nf6+ Kh8 47. Rb2
Na5 48. Bxh5 Nc4 49. Rf2 Rb7 50. Bg4 Bxg4 51. Qxg4 Qh6  1-0

[Event "CAMPEONATO PANAMERICANO DE AJEDREZ"]
[Site "Hotel oro Verde, Guayaquil - Ecuador"]
[Date "2018.06.19"]
[Round "1"]
[Board "7"]
[White "Iza Mendoza, Nefthys Sayde"]
[Black "Vittal, Sanjana"]
[Result "1/2-1/2"]
[WhiteElo "1498"]
[BlackElo "1945"]
[PlyCount "66"]
[EventDate "2018.06.19"]
[EventRounds "9"]
[EventCountry "ECU"]

1. e4 e5 2. Nc3 Nf6 3. f4 d5 4. fxe5 Nxe4 5. d3 Nxc3 6. bxc3 Be7 7. Nf3 O-O 8.
Be2 c5 9. O-O Nc6 10. Bf4 Be6 11. Qe1 f6 12. Qg3 fxe5 13. Nxe5 Nxe5 14. Bxe5
Bf6 15. d4 cxd4 16. cxd4 Kh8 17. Bd3 Bg8 18. Rab1 b6 19. Rbe1 Rc8 20. Rf5 Bxe5
21. Rfxe5 Rc7 22. Qe3 Qd6 23. Re7 Rxe7 24. Qxe7 Qf4 25. Kh1 Rf6 26. Qe5 Qf2 27.
Qe3 Qxe3 28. Rxe3 Re6 29. Rxe6 Bxe6 30. Kg1 g6 31. Kf2 Kg7 32. Ke3 Kf6 33. Bb5
g5  1/2-1/2

[Event "CAMPEONATO PANAMERICANO DE AJEDREZ"]
[Site "Hotel oro Verde, Guayaquil - Ecuador"]
[Date "2018.06.19"]
[Round "1"]
[Board "8"]
[White "Romero, Antonella"]
[Black "Santacruz Gonzalez, Natalia"]
[Result "1-0"]
[WhiteElo "1900"]
[BlackElo "1487"]
[PlyCount "81"]
[EventDate "2018.06.19"]
[EventRounds "9"]
[EventCountry "ECU"]

1. d4 d5 2. c4 c5 3. cxd5 Qxd5 4. e3 cxd4 5. Nc3 Qa5 6. exd4 Nf6 7. Nf3 e6 8.
Bc4 Bd6 9. O-O O-O 10. Qd3 Nbd7 11. a3 a6 12. Re1 Qc7 13. Bg5 h6 14. Bh4 b6 15.
Rad1 Bb7 16. d5 exd5 17. Nxd5 Nxd5 18. Bxd5 Nc5 19. Qf5 Rfe8 20. Rxe8+ Rxe8 21.
Bxf7+ Qxf7 22. Qxf7+ Kxf7 23. Rxd6 Re6 24. Rd1 Bxf3 25. gxf3 Re2 26. b4 Ne6 27.
Bg3 Ra2 28. Rd3 g5 29. Kg2 h5 30. Bb8 a5 31. Bd6 axb4 32. axb4 Rb2 33. Re3 Rb1
34. Re4 Kf6 35. h4 gxh4 36. Rxh4 Rd1 37. Bg3 Kg5 38. Re4 Kf5 39. Re5+ Kf6 40.
Rxh5 Rd3 41. Rb5  1-0

[Event "CAMPEONATO PANAMERICANO DE AJEDREZ"]
[Site "Hotel oro Verde, Guayaquil - Ecuador"]
[Date "2018.06.19"]
[Round "1"]
[Board "9"]
[White "Quezada Pauker, Katheen Gabriela"]
[Black "Ruiz, Mishell"]
[Result "0-1"]
[WhiteElo "1482"]
[BlackElo "1877"]
[PlyCount "136"]
[EventDate "2018.06.19"]
[EventRounds "9"]
[EventCountry "ECU"]

1. b3 e5 2. Bb2 Nc6 3. e3 Nf6 4. Bb5 d6 5. Bxc6+ bxc6 6. Ne2 g6 7. O-O Bg7 8.
f4 e4 9. Nbc3 O-O 10. h3 c5 11. Rb1 Bb7 12. Qe1 Re8 13. g4 Bc6 14. Qg3 d5 15.
Nd1 Bb5 16. Rf2 Bxe2 17. Rxe2 d4 18. d3 exd3 19. cxd3 Nd5 20. e4 Qd6 21. e5 Qa6
22. a3 Nxf4 23. Qxf4 Qxd3 24. Qe4 Qxh3 25. Nf2 Qg3+ 26. Kf1 Rab8 27. Qd3 Rxb3
28. Qxg3 Rxg3 29. Ne4 Rxg4 30. Nxc5 Rxe5 31. Rxe5 Bxe5 32. Nd7 Rf4+ 33. Ke2 Bd6
34. Bc1 Rf5 35. Nb8 Bc5 36. Nc6 Kg7 37. Kd3 Rf3+ 38. Ke4 Rh3 39. Bb2 f5+ 40.
Kd5 Bxa3 41. Bxd4+ Kh6 42. Bxa7 Bd6 43. Ne5 Kh5 44. Rc1 h6 45. Ke6 Bxe5 46.
Kxe5 Kg4 47. Rxc7 Ra3 48. Bb6 g5 49. Rc4+ f4 50. Bf2 Ra2 51. Bb6 h5 52. Bd8 h4
53. Ke4 Re2+ 54. Kd3 Re8 55. Bb6 h3 56. Bg1 Re1 57. Bh2 Rh1 58. Rc2 Rxh2 59.
Rxh2 Kg3 60. Rc2 h2 61. Rc1 g4 62. Ke4 f3 63. Ke3 f2 64. Rf1 Kg2 65. Rxf2+ Kg1
66. Ke2 h1=Q 67. Rf1+ Kh2 68. Rxh1+ Kxh1  0-1

[Event "CAMPEONATO PANAMERICANO DE AJEDREZ"]
[Site "Hotel oro Verde, Guayaquil - Ecuador"]
[Date "2018.06.19"]
[Round "1"]
[Board "10"]
[White "Matu Carballo, Magdalena"]
[Black "Quintana Chanduvi, Daniela Sofia"]
[Result "1/2-1/2"]
[WhiteElo "1858"]
[BlackElo "1343"]
[PlyCount "90"]
[EventDate "2018.06.19"]
[EventRounds "9"]
[EventCountry "ECU"]

1. e4 c5 2. d4 cxd4 3. c3 Nf6 4. e5 Nd5 5. Qxd4 e6 6. Nf3 Nc6 7. Qd1 d6 8. c4
Nb6 9. Bg5 Qc7 10. exd6 Bxd6 11. Nc3 a6 12. Rc1 O-O 13. Be3 Ne5 14. Qd4 Nxf3+
15. gxf3 Nd7 16. Rg1 Be5 17. Qg4 g6 18. h4 Bg7 19. Be2 b6 20. Ne4 f5 21. Qh3
fxe4 22. Qxe6+ Rf7 23. c5 Ne5 24. Qb3 bxc5 25. Rxc5 Qb7 26. Qd1 exf3 27. Rxe5
fxe2 28. Re8+ Rf8 29. Qa4 Bd7 30. Qc4+ Kh8 31. Re7 Bf6 32. Bd4 Bb5 33. Qb4 Rac8
34. Bxf6+ Rxf6 35. Rxb7 Rc1+ 36. Kd2 Rxg1 37. Rb8+ Kg7 38. Qe7+ Rf7 39. Qe5+
Kh6 40. Qe3+ Kg7 41. Qe5+ Kh6 42. Qe3+ Kg7 43. Qe5+ Kh6 44. Qe3+ Kg7 45. Qe5+
Kh6  1/2-1/2

[Event "CAMPEONATO PANAMERICANO DE AJEDREZ"]
[Site "Hotel oro Verde, Guayaquil - Ecuador"]
[Date "2018.06.20"]
[Round "2"]
[Board "1"]
[White "Ruiz, Mishell"]
[Black "Cervantes Landeiro, Thalia"]
[Result "1/2-1/2"]
[WhiteElo "1877"]
[BlackElo "2087"]
[PlyCount "102"]
[EventDate "2018.06.19"]
[EventRounds "9"]
[EventCountry "ECU"]

1. e4 c5 2. Bc4 e6 3. Nc3 Nc6 4. Nf3 Nd4 5. O-O a6 6. Nxd4 cxd4 7. Ne2 Bc5 8.
c3 dxc3 9. bxc3 d5 10. exd5 exd5 11. Bb3 Ne7 12. d4 Bd6 13. Ng3 O-O 14. Bc2
Bxg3 15. hxg3 Bf5 16. Re1 Bxc2 17. Qxc2 Qd7 18. Ba3 Rfe8 19. Bxe7 Rxe7 20. Rxe7
Qxe7 21. Qb3 Qd7 22. Re1 h6 23. Re5 Rd8 24. Qb4 b5 25. Qa5 Qd6 26. a4 bxa4 27.
Qxa4 g6 28. Re1 Rc8 29. Re3 Kg7 30. Qb3 Rc4 31. Re8 Qc7 32. Qa3 Qd7 33. Qf8+
Kf6 34. Qh8+ Kg5 35. Re5+ f5 36. f4+ Kh5 37. Qf6 g5 38. fxg5 Rc6 39. Qf8 Kxg5
40. Qg8+ Rg6 41. Qxd5 Qxd5 42. Rxd5 Rc6 43. Ra5 Rxc3 44. Rxa6 Rd3 45. Rd6 Rd2
46. Kh2 h5 47. Rd8 h4 48. Rg8+ Kf6 49. Rf8+ Kg7 50. Rxf5 hxg3+ 51. Kxg3 Rxd4
 1/2-1/2

[Event "CAMPEONATO PANAMERICANO DE AJEDREZ"]
[Site "Hotel oro Verde, Guayaquil - Ecuador"]
[Date "2018.06.20"]
[Round "2"]
[Board "2"]
[White "Librelato, Kathie Goulart"]
[Black "Mostacero Velarde, Isabella"]
[Result "1/2-1/2"]
[WhiteElo "2072"]
[BlackElo "1827"]
[PlyCount "84"]
[EventDate "2018.06.19"]
[EventRounds "9"]
[EventCountry "ECU"]

1. e4 c5 2. Nc3 e6 3. Nf3 Nf6 4. d4 cxd4 5. Nxd4 Bb4 6. e5 Ne4 7. Qg4 Nxc3 8.
Qxg7 Rf8 9. a3 Nc6 10. axb4 Nxd4 11. bxc3 Nf5 12. Qf6 Qc7 13. Bd2 b6 14. Bd3
Bb7 15. Bxf5 exf5 16. O-O-O Qc6 17. f3 Qxf6 18. exf6 O-O-O 19. Rhe1 Rg8 20. Bf4
Rxg2 21. Re7 Bxf3 22. Rd4 Be4 23. Rc4+ Kb7 24. Rc7+ Ka6 25. Rxf7 Rdg8 26. Rg7
R2xg7 27. fxg7 Rxg7 28. c4 b5 29. cxb5+ Kxb5 30. Bd6 Bc6 31. Rxa7 Kc4 32. Kb2
Rg6 33. Be7 f4 34. Ra5 Bb5 35. Ra3 Kd4 36. Ra8 Ke4 37. Rf8 h5 38. Bc5 Rg2 39.
Kc3 Rxh2 40. Rxf4+ Kxf4 41. Bd6+ Ke4 42. Bxh2 h4  1/2-1/2

[Event "CAMPEONATO PANAMERICANO DE AJEDREZ"]
[Site "Hotel oro Verde, Guayaquil - Ecuador"]
[Date "2018.06.20"]
[Round "2"]
[Board "3"]
[White "Puppi Lazo, Stephanie Beatriz"]
[Black "Caballero Quijano, Mitzy Mishell"]
[Result "1/2-1/2"]
[WhiteElo "1832"]
[BlackElo "2069"]
[PlyCount "66"]
[EventDate "2018.06.19"]
[EventRounds "9"]
[EventCountry "ECU"]

1. e4 e6 2. b3 d5 3. Bb2 Nf6 4. exd5 Nxd5 5. Nf3 c5 6. Bb5+ Bd7 7. Bxd7+ Nxd7
8. O-O N7f6 9. d4 cxd4 10. Qxd4 Nb4 11. Na3 Qxd4 12. Bxd4 Be7 13. Nb5 O-O 14.
Rfc1 a6 15. Na3 Nbd5 16. Nc4 b5 17. Nce5 Ba3 18. Rd1 Rac8 19. c4 Nb4 20. Rd2
Ne4 21. Re2 Nd6 22. c5 Nf5 23. Bb2 Bxb2 24. Rxb2 Rxc5 25. Nd7 Rc2 26. Rxc2 Nxc2
27. Rc1 Ncd4 28. Nxd4 Nxd4 29. Rd1 Rc8 30. Kf1 Nc6 31. Rd6 h6 32. Nb6 Rc7 33.
Na8 Rc8  1/2-1/2

[Event "CAMPEONATO PANAMERICANO DE AJEDREZ"]
[Site "Hotel oro Verde, Guayaquil - Ecuador"]
[Date "2018.06.20"]
[Round "2"]
[Board "4"]
[White "Penafiel Mendoza, Josselyne"]
[Black "Ortiz Verdesoto, Anahi"]
[Result "1/2-1/2"]
[WhiteElo "1793"]
[BlackElo "1974"]
[PlyCount "156"]
[EventDate "2018.06.19"]
[EventRounds "9"]
[EventCountry "ECU"]

1. d4 Nf6 2. c4 e6 3. Nf3 b6 4. g3 Bb7 5. Bg2 Be7 6. O-O c5 7. Nc3 cxd4 8. Qxd4
O-O 9. Bf4 d6 10. Qd2 Ne4 11. Nxe4 Bxe4 12. Rfd1 d5 13. Qc3 Qc8 14. Rac1 Na6
15. a3 Qb7 16. cxd5 Rac8 17. Qe1 Bxd5 18. Qf1 Bf6 19. Be5 Be7 20. b4 f6 21. Bf4
e5 22. Be3 Rcd8 23. Ne1 e4 24. Nc2 f5 25. Nd4 Nc7 26. Bf4 Bd6 27. Bxd6 Rxd6 28.
Rxc7 Qxc7 29. Nb5 Qd7 30. Nxd6 Qxd6 31. Qe1 Qe6 32. Qd2 Rd8 33. e3 Rd7 34. Qc2
Kf7 35. Bf1 Kg6 36. Qc3 Qe7 37. Bb5 Rc7 38. Qb2 Bc4 39. Bxc4 Rxc4 40. Qd2 Rc6
41. Qd5 Rc3 42. a4 Rc7 43. Kg2 Kf6 44. Rd4 Rc8 45. Qd7 Qxd7 46. Rxd7 Rc4 47.
Rxa7 Rxb4 48. h3 g5 49. Rxh7 Rb2 50. h4 gxh4 51. Rxh4 Rb4 52. Rh8 Rxa4 53. Rh6+
Kg5 54. Rxb6 Ra2 55. Rd6 Rb2 56. Rd1 Rc2 57. Rh1 Rb2 58. Rh4 Rc2 59. Rf4 Rc4
60. g4 fxg4 61. Kg3 Rc1 62. Rxg4+ Kf5 63. Rf4+ Ke5 64. Kg2 Rc7 65. Kf1 Rc2 66.
Rf8 Rb2 67. Rh8 Kf5 68. Rh5+ Ke6 69. Kg2 Rb7 70. Kg3 Rf7 71. Rg5 Rf3+ 72. Kg2
Rf7 73. Rh5 Rf6 74. Rh3 Rf7 75. Kf1 Rc7 76. Rh4 Ke5 77. Rf4 Rc1+ 78. Kg2 Rc7
 1/2-1/2

[Event "CAMPEONATO PANAMERICANO DE AJEDREZ"]
[Site "Hotel oro Verde, Guayaquil - Ecuador"]
[Date "2018.06.20"]
[Round "2"]
[Board "5"]
[White "Lemus Pena, Macarena"]
[Black "Romero, Antonella"]
[Result "0-1"]
[WhiteElo "1781"]
[BlackElo "1900"]
[PlyCount "92"]
[EventDate "2018.06.19"]
[EventRounds "9"]
[EventCountry "ECU"]

1. Nf3 b6 2. g3 Bb7 3. Bg2 Nf6 4. O-O e6 5. c4 d5 6. b3 Bd6 7. Bb2 Nbd7 8. Nc3
a6 9. cxd5 exd5 10. Qc2 O-O 11. d4 Re8 12. Rad1 c6 13. Rc1 Nf8 14. Rfd1 Rc8 15.
Qf5 Rc7 16. e3 g6 17. Qd3 Rce7 18. Qc2 Ne6 19. Ne5 Qa8 20. Na4 b5 21. Nc3 c5
22. Nf3 c4 23. Ne5 b4 24. Nxd5 Nxd5 25. bxc4 Bxe5 26. cxd5 Bb8 27. e4 Ng5 28.
f3 Bxd5 29. exd5 Qxd5 30. Qb3 Qf5 31. Rc5 Re1+ 32. Rxe1 Rxe1+ 33. Kf2 Qb1 34.
Qxb4 Bd6 35. Rc8+ Kg7 36. d5+ f6 37. Bxf6+ Kxf6 38. Qxd6+ Ne6 39. h4 Qd1 40.
Rf8+ Kg7 41. Qe7+ Kh6 42. g4 Qe2+ 43. Kg3 Qe5+ 44. f4 Qe3+ 45. Kh2 Qg1+ 46. Kh3
Re3+  0-1

[Event "CAMPEONATO PANAMERICANO DE AJEDREZ"]
[Site "Hotel oro Verde, Guayaquil - Ecuador"]
[Date "2018.06.20"]
[Round "2"]
[Board "6"]
[White "Gomez Barrera, Javiera Belen"]
[Black "Nunez Giler, Fanny"]
[Result "1/2-1/2"]
[WhiteElo "2129"]
[BlackElo "1578"]
[PlyCount "78"]
[EventDate "2018.06.19"]
[EventRounds "9"]
[EventCountry "ECU"]

1. e4 c5 2. Nf3 Nc6 3. d4 cxd4 4. Nxd4 Nf6 5. Nc3 e5 6. Ndb5 d6 7. Bg5 a6 8.
Na3 b5 9. Nd5 Be7 10. Bxf6 Bxf6 11. c3 Bg5 12. Nc2 O-O 13. a4 bxa4 14. Rxa4 a5
15. Bc4 Kh8 16. Nce3 Bxe3 17. Nxe3 Ne7 18. O-O f5 19. exf5 Nxf5 20. Nxf5 Bxf5
21. Bd5 Ra7 22. Qd2 Qb6 23. Rfa1 Bd7 24. R4a3 a4 25. h3 Rb8 26. R1a2 Qc5 27. c4
Rf8 28. Ra1 Rf4 29. b3 Rd4 30. Qg5 Qb6 31. bxa4 Rf4 32. c5 dxc5 33. Qxe5 Rfxa4
34. Rxa4 Rxa4 35. Rxa4 Bxa4 36. Qf4 Qd8 37. Qc4 Qa5 38. Qf4 Qd8 39. Qc4 Qa5
 1/2-1/2

[Event "CAMPEONATO PANAMERICANO DE AJEDREZ"]
[Site "Hotel oro Verde, Guayaquil - Ecuador"]
[Date "2018.06.20"]
[Round "2"]
[Board "7"]
[White "Vittal, Sanjana"]
[Black "Matu Carballo, Magdalena"]
[Result "1-0"]
[WhiteElo "1945"]
[BlackElo "1858"]
[PlyCount "45"]
[EventDate "2018.06.19"]
[EventRounds "9"]
[EventCountry "ECU"]

1. e4 e5 2. Bc4 Nf6 3. Nc3 Nxe4 4. Qh5 Nd6 5. Qxe5+ Qe7 6. Qxe7+ Bxe7 7. Bb3
O-O 8. Nf3 c6 9. d4 Bf6 10. O-O Nf5 11. d5 Na6 12. Bf4 Nc5 13. Rfe1 b5 14. Rad1
a5 15. g4 Nh4 16. Nxh4 Bxh4 17. Bd6 Rd8 18. Bxc5 a4 19. dxc6 d6 20. c7 Rf8 21.
Bd5 dxc5 22. Bxa8 Bxg4 23. Bb7  1-0

[Event "CAMPEONATO PANAMERICANO DE AJEDREZ"]
[Site "Hotel oro Verde, Guayaquil - Ecuador"]
[Date "2018.06.20"]
[Round "2"]
[Board "8"]
[White "Quintana Chanduvi, Daniela Sofia"]
[Black "Jaramillo, Samantha"]
[Result "0-1"]
[WhiteElo "1343"]
[BlackElo "1699"]
[PlyCount "113"]
[EventDate "2018.06.19"]
[EventRounds "9"]
[EventCountry "ECU"]

1. e4 c5 2. Nf3 d6 3. Nc3 Nf6 4. e5 dxe5 5. Nxe5 a6 6. a4 e6 7. d3 Bd6 8. Nc4
O-O 9. Nxd6 Qxd6 10. g3 Nd5 11. Bg2 Nxc3 12. bxc3 Qe5+ 13. Be3 Qxc3+ 14. Ke2
Nc6 15. Bxc6 bxc6 16. Re1 Qe5 17. Kf1 Qd5 18. Kg1 e5 19. c4 Qd6 20. f4 f6 21.
Qe2 Re8 22. Rad1 exf4 23. Bxf4 Rxe2 24. Bxd6 Rxe1+ 25. Rxe1 Bf5 26. Bxc5 Bxd3
27. Rc1 Re8 28. Rc3 Be2 29. Re3 Rxe3 30. Bxe3 Bxc4 31. Kf2 Kf7 32. Kf3 Bd3 33.
Bd4 Ke6 34. Ke3 Bc2 35. a5 Kd5 36. Bc3 Kc4 37. Bd4 c5 38. Bb2 Bf5 39. Kd2 Bh3
40. Ba1 Kb4 41. Bc3+ Kc4 42. Ba1 Kd5 43. Ke3 Ke6 44. Kd3 Kf5 45. Kc4 Bf1+ 46.
Kxc5 Kg4 47. Kd6 Kh3 48. Ke7 Kxh2 49. Kf7 Kxg3 50. Kxg7 f5 51. Kf6 f4 52. Be5
Kg4 53. Bd4 h5 54. Ke5 Bg2 55. Bg1 h4 56. Kd4 Kg3 57. Kc3  0-1

[Event "CAMPEONATO PANAMERICANO DE AJEDREZ"]
[Site "Hotel oro Verde, Guayaquil - Ecuador"]
[Date "2018.06.20"]
[Round "2"]
[Board "9"]
[White "Cosme Contreras, Trilce"]
[Black "Iza Mendoza, Nefthys Sayde"]
[Result "1-0"]
[WhiteElo "2007"]
[BlackElo "1498"]
[PlyCount "113"]
[EventDate "2018.06.19"]
[EventRounds "9"]
[EventCountry "ECU"]

1. c4 e5 2. Nc3 Nc6 3. g3 f5 4. Bg2 Nf6 5. d3 g6 6. e3 Bg7 7. Nge2 d6 8. O-O
O-O 9. Rb1 a5 10. a3 Be6 11. b4 axb4 12. axb4 d5 13. d4 exd4 14. exd4 Ne7 15.
c5 Bf7 16. b5 Ne4 17. f3 Nxc3 18. Nxc3 Qd7 19. Re1 Rfe8 20. Bf4 h6 21. h4 Kh7
22. Qd2 Ng8 23. Rxe8 Bxe8 24. Re1 Nf6 25. Kh2 Bf7 26. Re2 Re8 27. Rxe8 Qxe8 28.
Bxc7 Be6 29. Be5 Qf7 30. b6 Bd7 31. Qe2 Bc6 32. Nb5 Qd7 33. Bf1 Qc8 34. Na7 Qd7
35. Qb2 Qe8 36. Bb5 Bxb5 37. Qxb5 Qe7 38. Nc8 Qd8 39. Nd6 Qe7 40. c6 bxc6 41.
Qxc6 Nd7 42. b7 Bxe5 43. dxe5 Nxe5 44. Qxd5 Nd7 45. Qd2 Nb8 46. f4 Kg7 47. Qd4+
Kh7 48. Kh3 Qe2 49. Qc4 Qxc4 50. Nxc4 Kg7 51. h5 g5 52. Ne5 Kf6 53. Kg2 g4 54.
Kf2 Ke6 55. Ke3 Ke7 56. Kd4 Ke6 57. Kc5  1-0

[Event "CAMPEONATO PANAMERICANO DE AJEDREZ"]
[Site "Hotel oro Verde, Guayaquil - Ecuador"]
[Date "2018.06.20"]
[Round "2"]
[Board "10"]
[White "Gil Bohorquez, Ariana"]
[Black "Quezada Pauker, Katheen Gabriela"]
[Result "0-1"]
[WhiteElo "1694"]
[BlackElo "1482"]
[PlyCount "60"]
[EventDate "2018.06.19"]
[EventRounds "9"]
[EventCountry "ECU"]

1. e4 c5 2. Nf3 g6 3. d4 cxd4 4. Nxd4 Nc6 5. c4 Bh6 6. Nc3 d6 7. Be2 Bxc1 8.
Rxc1 Nf6 9. O-O O-O 10. Qd2 Kg7 11. h3 Bd7 12. Rfd1 Rc8 13. b3 Qa5 14. f4 Qc5
15. Kh2 Nh5 16. Nxc6 Bxc6 17. Nd5 Bxd5 18. Qc3+ Nf6 19. Rxd5 Qf2 20. Bf3 Kg8
21. Rd2 Qb6 22. e5 dxe5 23. fxe5 Qc7 24. Kh1 Nd7 25. e6 Nf6 26. exf7+ Rxf7 27.
Bd5 Nxd5 28. Rxd5 Rcf8 29. Rdd1 Rf2 30. a3 Qf4  0-1

[Event "CAMPEONATO PANAMERICANO DE AJEDREZ"]
[Site "Hotel oro Verde, Guayaquil - Ecuador"]
[Date "2018.06.20"]
[Round "3"]
[Board "1"]
[White "Romero, Antonella"]
[Black "Cervantes Landeiro, Thalia"]
[Result "0-1"]
[WhiteElo "1900"]
[BlackElo "2087"]
[PlyCount "52"]
[EventDate "2018.06.19"]
[EventRounds "9"]
[EventCountry "ECU"]

1. d4 Nf6 2. c4 g6 3. Nc3 d5 4. cxd5 Nxd5 5. e4 Nxc3 6. bxc3 Bg7 7. Be3 O-O 8.
Bc4 c5 9. Ne2 Nc6 10. O-O Qc7 11. Rc1 Rd8 12. Qa4 Bd7 13. Qa3 Qa5 14. Qb3 e6
15. d5 exd5 16. Bxd5 Ne5 17. Rb1 Bc6 18. c4 b6 19. h3 Qa6 20. Rbc1 Rab8 21. f4
Bxd5 22. exd5 Nd7 23. Rb1 Re8 24. Ng3 Rxe3 25. Qxe3 Bd4 26. Qxd4 cxd4  0-1

[Event "CAMPEONATO PANAMERICANO DE AJEDREZ"]
[Site "Hotel oro Verde, Guayaquil - Ecuador"]
[Date "2018.06.20"]
[Round "3"]
[Board "2"]
[White "Jaramillo, Samantha"]
[Black "Librelato, Kathie Goulart"]
[Result "0-1"]
[WhiteElo "1699"]
[BlackElo "2072"]
[PlyCount "98"]
[EventDate "2018.06.19"]
[EventRounds "9"]
[EventCountry "ECU"]

1. d4 Nf6 2. Nf3 g6 3. g3 Bg7 4. Bg2 O-O 5. O-O d6 6. b3 Nc6 7. Bb2 a6 8. c4
Rb8 9. d5 Na7 10. Re1 c5 11. e4 b5 12. Nbd2 bxc4 13. Nxc4 Nb5 14. Qd2 Qc7 15.
Rad1 Rd8 16. h3 e5 17. dxe6 Bxe6 18. e5 dxe5 19. Bxe5 Rxd2 20. Bxc7 Rxd1 21.
Bxb8 Rxe1+ 22. Nxe1 Nc3 23. Nd3 Nd7 24. Ba7 Nxa2 25. Nxc5 Nxc5 26. Bxc5 Nc1 27.
Bb4 Nxb3 28. Bf1 Bd4 29. Na5 Nxa5 30. Bxa5 Bc8 31. Bc4 Kg7 32. h4 f5 33. Kf1 h6
34. Ke2 g5 35. hxg5 hxg5 36. Bb3 Bd7 37. Bc4 Bb5 38. Bxb5 axb5 39. Bb4 Kf6 40.
f3 Ke5 41. Kd3 Bf2 42. Be7 g4 43. fxg4 fxg4 44. Bd8 Kd5 45. Bc7 Bc5 46. Ba5 Bd6
47. Be1 Be5 48. Bf2 b4 49. Be1 b3  0-1

[Event "CAMPEONATO PANAMERICANO DE AJEDREZ"]
[Site "Hotel oro Verde, Guayaquil - Ecuador"]
[Date "2018.06.20"]
[Round "3"]
[Board "3"]
[White "Caballero Quijano, Mitzy Mishell"]
[Black "Penafiel Mendoza, Josselyne"]
[Result "1-0"]
[WhiteElo "2069"]
[BlackElo "1793"]
[PlyCount "99"]
[EventDate "2018.06.19"]
[EventRounds "9"]
[EventCountry "ECU"]

1. e4 c5 2. Nf3 d6 3. Bb5+ Nd7 4. O-O Ngf6 5. Re1 e6 6. c3 a6 7. Bf1 Be7 8. d4
O-O 9. e5 dxe5 10. dxe5 Nd5 11. c4 Nb4 12. a3 Nc6 13. Nc3 Qc7 14. Bf4 Rd8 15.
Bd3 Nf8 16. Qe2 b6 17. Bg3 Nd4 18. Nxd4 Rxd4 19. Ne4 Bb7 20. f3 Ng6 21. Nd6 Rd8
22. Rad1 Nf8 23. Bf2 Rf4 24. Qd2 Rh4 25. Bxh4 Bxh4 26. Rf1 Be7 27. Qf4 f5 28.
Nxb7 Qxb7 29. Qe3 Qc7 30. f4 b5 31. Be2 Rb8 32. cxb5 axb5 33. Kh1 c4 34. Rc1
Nd7 35. a4 bxa4 36. Bxc4 Qb6 37. Qd3 Nc5 38. Qxf5 Kh8 39. Qf7 Bh4 40. f5 Ne4
41. fxe6 Nf2+ 42. Rxf2 Qxf2 43. Qxf2 Bxf2 44. Bb5 Bh4 45. Bxa4 g6 46. b3 Bg5
47. Rc7 Rd8 48. g3 Rd1+ 49. Kg2 Rd2+ 50. Kf3  1-0